000 00832cab a2200229 4500
001 WB3512-02
008 090401t1999 xxu||||| |||| 00| 0 eng d
035 _a(Sirsi) u92383
041 _aeng
245 _aNew drive against cartels
260 _c1999
350 _a0
490 _aContract Journal
_v398(6218) 24 March 1999, 3(1)
520 _aNew enforcement powers given to the Office of Fair Trading under the Competition Act will enable it to target construction cartels more successfully. The OFT's new powers take effect immediately, although the Act itself does not come into force until March next year.
650 _aCARTELS
650 _aCOMPETITION ACT 1998
650 _aCONSTRUCTION INDUSTRY
650 _aOFT
690 _aBUILT ENVIRONMENT-BUILDING CONTRACT FORMS
942 _n0
948 _c25/03/1999
999 _c58572
_d58572